SAT Words Impossible Click Quiz - M - Statistics

General Stats
  • This quiz has been taken 169 times
  • The average score is 7 of 18
Answer Stats
Hint Answer % Correct
Light rain or drizzle Mizzle
85%
Cover or finish a road with crushed stone Macadamize
57%
Sweet-spiced dessert wine, or its colour Muscade
49%
Sharp or biting quality of speech Mordacity
47%
Reversal in place or order, especially of phonemes Metathesis
45%
Threatening or menacing Minacious
45%
Small bagpipe; or, small backpack Musette
43%
Cold and aloof like a marble statue Marmoreal
40%
Wish evil upon; curse Malison
37%
Small mound or hill; hillock Monticule
33%
Small unit of Roman soldiers Maniple
32%
A person who ruins or impedes a plan Marplot
30%
Obedience, obsequiousness Morigeration
26%
Wash thoroughly; deterge Mundify
25%
Antidote or mitigation for poison Mithridate
22%
Withering without falling off (of a plant) Marcescant
16%
Cooling bowl for hot liquids Monteith
16%
Having a short, pointed tip Mucronate
7%
No matching quizzes found
Score Distribution
Percent of People with Each Score
Percentile by Number Answered
Your Score History
You have not taken this quiz